Gaming Quiz

Random Gaming or Pokémon Quiz

6 Second Trivia: Pokemon Quiz Stats

 Plays Quiz not verified by Sporcle

Also try: Risk Territories
Challenge
Share
Tweet
Score 0/10 Timer 01:00
0 Plays Today
Question Answer % Correct
What elemental type is Slugma?Fire
93.8%
How many elemental types are there in the games?17
82.9%
What gender is a Rotom most likely to be?Genderless
73%
What does a Mudkip evolve into?Marshtomp
71.3%
In the anime, what is Ash's surname?Ketchum
66.3%
How many Pokemon Trainers do you encounter on Route 202?3
43.6%
What flavor is a Rawst Berry?Bitter
41.5%
What item is needed to make a Porygon2 evolve?Dubious Disc
33.4%
Which road connects Verdanturf Town and Mauville City?Route 117
11.6%
Where is Sinnoh's Pokemon Day Care?Solaceon Town
10%

You're not logged in!

Compare scores with friends on all Sporcle quizzes.
OR
Log In

You Might Also Like...

Show Comments

Extras

Created Jan 24, 2010SourceReportNominate
Tags:Pokémon Quiz, second

Top Quizzes Today


Score Distribution

Your Account Isn't Verified!

In order to create a playlist on Sporcle, you need to verify the email address you used during registration. Go to your Sporcle Settings to finish the process.

Report this User

Report this user for behavior that violates our Community Guidelines.

Details: